Iescondidos! /
Guardado en:
| Autor Principal: | |
|---|---|
| Formato: | Libro |
| Publicado: |
Buenos Aires :
Cántaro,
2013
|
| Edición: | 1a. reimp. |
| Series: | Rincón de Lectura. Miro, leo y adivino / Alicia Zaina
|
| Materias: | |
| Etiquetas: |
Agregar Etiqueta
Sin Etiquetas, Sea el primero en etiquetar este registro!
|
| LEADER | 00910nam a22002775a 4500 | ||
|---|---|---|---|
| 001 | CEM.cems015388 | ||
| 005 | 20191202162011.0 | ||
| 008 | 130507s2013##################000#0#####d | ||
| 003 | CEMS | ||
| 020 | |a 9789507532795 | ||
| 082 | 0 | 4 | |a A861.4 |
| 100 | 1 | |a Kauffman, Ruth | |
| 245 | 1 | 0 | |a Iescondidos! / |c Ruth Kauffman y Alicia Zaina ; ilustrado Por Leonardo Balzico |
| 250 | |a 1a. reimp. | ||
| 260 | |a Buenos Aires : |b Cántaro, |c 2013 | ||
| 300 | |a 16 p. | ||
| 490 | 0 | |a Rincón de Lectura. Miro, leo y adivino / Alicia Zaina | |
| 653 | |a Literatura | ||
| 653 | |a Literatura argentina | ||
| 653 | |a Literatura infantil | ||
| 653 | |a Poesía | ||
| 653 | |a Poesía infantil | ||
| 653 | |a Adivinanzas | ||
| 653 | |a Colección ciencias de la educación | ||
| 859 | |a CEMS |b BIB. CEMS - Ccias. Educacion |h A861.4 |i K162-5 |k CE |p 28745.19 |t Ej.1 | ||
| 859 | |a CEMS |b BIB. CEMS - Ccias. Educacion |h A861.4 |i K162-5 |k CE |p 28746.19 |t Ej.2 | ||
